| 000 | 00534nam a2200205Ia 4500 | ||
|---|---|---|---|
| 008 | 200601s9999 xx 000 0 und d | ||
| 020 | _a978-971-816-115-9 | ||
| 050 | _aREF DS 687.32 | ||
| 050 | _b.C67 2009 | ||
| 245 | 0 | _aCory magic : | |
| 245 | 0 | _bher people's stories / | |
| 245 | 0 | _cedited by Marian Pastor Roces | |
| 260 | _aManila : | ||
| 260 | _bABS-CBN Pub. Inc., | ||
| 260 | _c2009 | ||
| 300 | _a397 pages : | ||
| 300 | _bcolor illustrations ; | ||
| 300 | _c23 cm. | ||
| 650 | _aAquino, Cory Cojuangco, 1933-2009 | ||
| 999 |
_c363300 _d363300 |
||